Statistics for Three words, one country #2

Click here to take the quiz!

General Stats

  • This quiz has been taken 664 times
  • The average score is 14 of 16

Answer Stats

Hint Answer % Correct
Maple, Hockey, CommonwealthCanada
98%
Lenin, Scythia, SputnikRussia
96%
Viking, IKEA, AdolphusSweden
94%
Geneva, Watch, NeutralSwitzerland
94%
Luther, Beer, PrussiaGermany
94%
Bengal, Raj, TigerIndia
93%
Hamlet, Jutland, LEGODenmark
90%
Che, Cigar, RedCuba
90%
Geothermal, Fishing, EyjafjallajokullIceland
89%
Biscay, Inquisition, FrancoSpain
87%
Ulaanbaatar, Khan, GobiMongolia
87%
Nairobi, Harambee, JomoKenya
86%
Pirates, Horn, AfricaSomalia
80%
Hittitis, Troy, HagiaTurkey
76%
Home, Rule, PotatoIreland
68%
Largest, Landlocked, CountryKazakhstan
54%

Score Distribution

Percentile by Number Answered

Percent of People with Each Score

Your Score History

You have not taken this quiz